| 000 | 00500nam a22001937a 4500 | ||
|---|---|---|---|
| 999 |
_c2056 _d2056 |
||
| 003 | OSt | ||
| 005 | 20180922172851.0 | ||
| 008 | 180922b ||||| |||| 00| 0 eng d | ||
| 020 | _a1850783160 | ||
| 040 | _cDLC | ||
| 082 |
_a261.8 _bW873M |
||
| 100 | _aWood, Beulah | ||
| 245 |
_aMarriage : _b patterns of partnership / _cBy Beulah Wood |
||
| 260 |
_aGreat Britain : _bOm Publishing, _cc1998. |
||
| 300 | _a204 p.: | ||
| 630 | _aMarriage | ||
| 650 |
_aMarriage Life _xChristianity |
||
| 942 |
_2ddc _cBK |
||